[Event "III.International Chess Festiv"]
[Site "Eforie Nord"]
[Date "2011.06.23"]
[Round "4.6"]
[White "Stegariu, Vlad-Ionut"]
[Black "Badea, Bela"]
[Result "0-1"]
[WhiteElo "2220"]
[BlackElo "2491"]
[PlyCount "104"]
[EventDate "2011.06.20"]

1. d4 d6 2. Nf3 Bg4 3. e4 Nf6 4. h3 Bh5 5. g4 Bg6 6. e5 dxe5 7. Nxe5 Qd5 8.
Nxg6 hxg6 9. Rg1 c6 10. Nc3 Qd6 11. Bg2 e6 12. Qd3 Qh2 13. Ne2 Qc7 14. Bd2 Qb6
15. O-O-O Qa6 16. Qxa6 Nxa6 17. Bg5 Be7 18. Rh1 Nd5 19. Bxe7 Nxe7 20. h4 Nb4
21. c3 Nbd5 22. Rh3 b5 23. Rdh1 Rc8 24. f4 f6 25. g5 Kd7 26. h5 fxg5 27. fxg5
gxh5 28. Rxh5 Rhf8 29. Be4 Nf4 30. R5h2 Kd6 31. Kd2 Ned5 32. Rf2 Nxe2 33. Kxe2
Rxf2+ 34. Kxf2 e5 35. dxe5+ Kxe5 36. Re1 Kd6 37. Bxd5 cxd5 38. Re2 a5 39. a3 b4
40. axb4 axb4 41. cxb4 Rb8 42. b3 Rxb4 43. Ra2 Ke5 44. Ra7 g6 45. Rf7 Rg4 46.
Re7+ Kd4 47. Rg7 Rxg5 48. Kf3 Kd3 49. b4 d4 50. b5 Rf5+ 51. Kg2 Rxb5 52. Rxg6
Rf5 0-1

[Event "III.International Chess Festiv"]
[Site "Eforie Nord"]
[Date "2011.06.23"]
[Round "4.7"]
[White "Jiroveanu, George"]
[Black "Zozulia, Anna"]
[Result "0-1"]
[WhiteElo "2218"]
[BlackElo "2371"]
[PlyCount "34"]
[EventDate "2011.06.20"]

1. e4 c5 2. Nc3 e6 3. f4 Nc6 4. Nf3 d6 5. Bb5 Nge7 6. d3 g6 7. O-O Bg7 8. e5
O-O 9. exd6 Qxd6 10. Ne4 Qc7 11. a4 Na5 12. Ne5 a6 13. Bc4 Nec6 14. Qe1 f5 15.
Ng5 Nxe5 16. Bxe6+ Nf7 17. Bxc8 Nxg5 0-1

[Event "III.International Chess Festiv"]
[Site "Eforie Nord"]
[Date "2011.06.23"]
[Round "4.8"]
[White "Ogleznev, Alexandr"]
[Black "Maksimov, Oleg"]
[Result "1/2-1/2"]
[WhiteElo "2335"]
[BlackElo "2333"]
[PlyCount "40"]
[EventDate "2011.06.20"]

1. e4 c5 2. Nf3 g6 3. d4 Bg7 4. Nc3 cxd4 5. Nxd4 Nc6 6. Be3 Nf6 7. Bc4 O-O 8.
Bb3 d6 9. f3 Bd7 10. Qd2 Nxd4 11. Bxd4 b5 12. h4 a5 13. h5 e5 14. Be3 a4 15.
Bd5 b4 16. Ne2 Nxd5 17. Qxd5 Be6 18. Qd2 Qc7 19. hxg6 fxg6 20. O-O Rab8 1/2-1/2

[Event "III.International Chess Festiv"]
[Site "Eforie Nord"]
[Date "2011.06.23"]
[Round "4.9"]
[White "Nevednichy, Boris M"]
[Black "Postolachi, Viorel"]
[Result "1-0"]
[WhiteElo "2269"]
[BlackElo "2111"]
[PlyCount "69"]
[EventDate "2011.06.20"]

1. e4 c5 2. Nf3 g6 3. c3 Bg7 4. d4 Na6 5. Bxa6 bxa6 6. dxc5 a5 7. O-O Rb8 8.
Qc2 Nf6 9. Bf4 Rb5 10. Be3 Ng4 11. Bd4 e5 12. a4 Rb8 13. h3 exd4 14. hxg4 d3
15. Qxd3 Rxb2 16. Na3 O-O 17. Rfb1 Rb7 18. Nb5 Qf6 19. e5 Qc6 20. Qc4 h6 21.
Re1 a6 22. Nbd4 Qc7 23. g5 h5 24. Qd5 Re8 25. Re4 Rb2 26. Rf4 Rf8 27. Re1 Bb7
28. Qd6 Qd8 29. Rd1 Re8 30. c6 dxc6 31. Nxc6 Qb6 32. Nfd4 Bxe5 33. Qd7 Bxf4 34.
Qxe8+ Kg7 35. Ne6+ 1-0

[Event "III.International Chess Festiv"]
[Site "Eforie Nord"]
[Date "2011.06.23"]
[Round "4.10"]
[White "Chirita, Andra-Marina"]
[Black "Ionescu, Mihai"]
[Result "0-1"]
[WhiteElo "2057"]
[BlackElo "2340"]
[PlyCount "116"]
[EventDate "2011.06.20"]

1. d4 e6 2. Nf3 c5 3. e3 Nf6 4. c4 cxd4 5. exd4 d5 6. Nc3 Be7 7. cxd5 Nxd5 8.
Bb5+ Bd7 9. Bxd7+ Nxd7 10. Nxd5 exd5 11. O-O O-O 12. Qb3 Nb6 13. Bf4 Rc8 14.
Rac1 Qd7 15. h3 f6 16. Nd2 Qa4 17. Qe3 Bb4 18. Qe6+ Kh8 19. Rxc8 Rxc8 20. Nf3
Qd7 21. Qxd7 Nxd7 22. Rc1 Rxc1+ 23. Bxc1 Kg8 24. Kf1 Kf7 25. Ke2 Ke6 26. Bf4 g5
27. Bc7 h5 28. a3 Be7 29. h4 Kf5 30. Kd3 Nf8 31. Bb8 a6 32. hxg5 fxg5 33. Ne5
g4 34. b4 h4 35. f3 g3 36. Ng4 Bg5 37. Ne3+ Bxe3 38. Kxe3 b5 39. Bc7 Ne6 40.
Bd6 Ng5 41. Ke2 Ke6 42. Bc7 Nf7 43. Bb8 Kf6 44. Ke3 Nd8 45. Bc7 Nf7 46. Bf4 Kf5
47. Bc7 Ng5 48. Ke2 Ne6 49. Be5 Nf4+ 50. Kf1 Nd3 51. Bc7 Kg5 52. Bd8+ Kh5 53.
Bc7 Nb2 54. Bf4 Nc4 55. Bc1 Nd6 56. Be3 Nf5 57. Bg1 Kg5 58. Ke2 Kf4 0-1

[Event "III.International Chess Festiv"]
[Site "Eforie Nord"]
[Date "2011.06.24"]
[Round "5.3"]
[White "Fedorov, Alexei"]
[Black "Cosma, Ioan"]
[Result "1-0"]
[WhiteElo "2592"]
[BlackElo "2410"]
[PlyCount "79"]
[EventDate "2011.06.20"]

1. e4 c5 2. Nf3 Nc6 3. d4 cxd4 4. Nxd4 Qc7 5. Nb5 Qb8 6. Bd3 Nf6 7. f4 d6 8.
O-O g6 9. Nd2 Bg7 10. Nf3 O-O 11. Qe1 Bg4 12. Qh4 Bxf3 13. Rxf3 Qc8 14. Bd2 Qg4
15. Qe1 Qd7 16. Kh1 a6 17. Nc3 e6 18. Qh4 Qd8 19. Rh3 Nh5 20. Qf2 Nf6 21. a4
Nb4 22. Rf1 Nxd3 23. cxd3 d5 24. f5 dxe4 25. dxe4 Ng4 26. Qe2 h5 27. Bf4 exf5
28. exf5 Re8 29. Qc2 Qb6 30. Rhf3 Rad8 31. h3 Ne5 32. Re3 Qc6 33. Bg5 Rc8 34.
Qf2 gxf5 35. Qxf5 Qg6 36. Nd5 Qxf5 37. Rxf5 Nc6 38. Nf6+ Bxf6 39. Bxf6 Rxe3 40.
Rxh5 1-0

[Event "III.International Chess Festiv"]
[Site "Eforie Nord"]
[Date "2011.06.24"]
[Round "5.4"]
[White "Manolache, Marius"]
[Black "Petrosian, Suren"]
[Result "1-0"]
[WhiteElo "2545"]
[BlackElo "2392"]
[PlyCount "101"]
[EventDate "2011.06.20"]

1. d4 d6 2. Nf3 g6 3. e4 Nf6 4. Bd3 Bg7 5. Nc3 O-O 6. Bg5 h6 7. Be3 Bg4 8. Qd2
Kh7 9. O-O-O e5 10. dxe5 dxe5 11. Nxe5 Bxd1 12. Rxd1 Nc6 13. Nxc6 bxc6 14. f4
Ng4 15. e5 Nxe3 16. Qxe3 Qe7 17. Qe4 Rab8 18. a3 Qc5 19. Na4 Qd5 20. h4 Qxe4
21. Bxe4 Rfd8 22. Re1 Bf8 23. h5 Rd4 24. Nc3 Kg7 25. hxg6 fxg6 26. Re3 Kf7 27.
Bxc6 Rbd8 28. g3 h5 29. Kb1 h4 30. gxh4 Bc5 31. Rf3 Ke6 32. Nb5 Rd1+ 33. Ka2
Kf5 34. Rg3 Be7 35. h5 Kxf4 36. Rxg6 Kxe5 37. Nxc7 Bf6 38. Nb5 R8d2 39. Nc3 Rf1
40. Bb5 Rf4 41. Bd3 Rh2 42. h6 Rfh4 43. Rg8 Rxh6 44. Ra8 Ke6 45. Ne2 Rh8 46.
Rxa7 Rc8 47. Nf4+ Ke5 48. Ra5+ Kd4 49. Ra4+ Ke5 50. Re4+ Kf5 51. Rc4+ 1-0

[Event "III.International Chess Festiv"]
[Site "Eforie Nord"]
[Date "2011.06.24"]
[Round "5.5"]
[White "Zozulia, Anna"]
[Black "Miron, Lucian-Costin"]
[Result "0-1"]
[WhiteElo "2371"]
[BlackElo "2506"]
[PlyCount "78"]
[EventDate "2011.06.20"]

1. e4 e5 2. Nf3 Nc6 3. Bb5 a6 4. Ba4 Nf6 5. O-O Be7 6. Re1 b5 7. Bb3 d6 8. c3
O-O 9. h3 Nb8 10. d4 Nbd7 11. Nbd2 Bb7 12. Bc2 Re8 13. Nf1 Bf8 14. Ng3 g6 15.
b3 Rb8 16. Qd2 d5 17. exd5 exd4 18. Rxe8 Qxe8 19. c4 bxc4 20. bxc4 c6 21. dxc6
Bxc6 22. Nxd4 Ba8 23. Nb3 Ne5 24. Qe2 Qc6 25. f3 Nxc4 26. Bd3 Re8 27. Qf2 Ne5
28. Bf1 Bd6 29. Bb2 Bb8 30. Rc1 Qd6 31. Be2 Nc6 32. Kf1 Qe7 33. Ne4 Nxe4 34.
fxe4 Qxe4 35. Nc5 Qe7 36. Bc4 Ba7 37. Ba3 Na5 38. Bd3 Qg5 39. Bb2 Rc8 0-1

[Event "III.International Chess Festiv"]
[Site "Eforie Nord"]
[Date "2011.06.24"]
[Round "5.6"]
[White "Peptan, Corina-Isabela"]
[Black "Nevednichy, Boris M"]
[Result "1-0"]
[WhiteElo "2421"]
[BlackElo "2269"]
[PlyCount "83"]
[EventDate "2011.06.20"]

1. e4 Nf6 2. e5 Nd5 3. d4 d6 4. exd6 cxd6 5. Nf3 g6 6. c4 Nb6 7. h3 Bg7 8. Nc3
O-O 9. Be2 Bf5 10. O-O Nc6 11. b3 d5 12. c5 Nc8 13. Bf4 Be4 14. Ne5 e6 15. Nxc6
bxc6 16. Qd2 f6 17. Ba6 Qd7 18. Bxc8 Rfxc8 19. Bd6 e5 20. dxe5 Bf5 21. exf6
Bxf6 22. Rae1 Re8 23. Ne2 Qg7 24. Rd1 Bc8 25. Rfe1 Ba6 26. Rc1 Re4 27. Ng3
Rxe1+ 28. Qxe1 Qf7 29. Qa5 Bd3 30. Rd1 Bc2 31. Rd2 Bb1 32. Qa6 Qd7 33. Rd1 Bc2
34. Rc1 Bf5 35. Nxf5 gxf5 36. Re1 Re8 37. Rxe8+ Qxe8 38. Qxa7 Qe1+ 39. Kh2 Be5+
40. f4 Bxd6 41. cxd6 Qe4 42. Qb8+ 1-0

[Event "III.International Chess Festiv"]
[Site "Eforie Nord"]
[Date "2011.06.24"]
[Round "5.7"]
[White "Ionescu, Mihai"]
[Black "Agafii, Victor"]
[Result "0-1"]
[WhiteElo "2340"]
[BlackElo "2253"]
[PlyCount "87"]
[EventDate "2011.06.20"]

1. d4 e6 2. c4 Nf6 3. g3 c5 4. Nf3 b6 5. d5 exd5 6. cxd5 d6 7. Bg2 g6 8. Nc3
Bg7 9. O-O O-O 10. h3 a6 11. a4 Re8 12. Nd2 Nbd7 13. Nc4 Ne5 14. Na3 Rb8 15. f4
Ned7 16. e4 Nh5 17. Kh2 b5 18. axb5 Bxc3 19. bxc3 axb5 20. c4 b4 21. Nb5 Qb6
22. Bb2 f6 23. Qa4 Ng7 24. Rfe1 Re7 25. Bf1 Ne8 26. Qa5 Qxa5 27. Rxa5 Nb6 28.
Bd3 Bd7 29. e5 Bf5 30. Bf1 fxe5 31. fxe5 dxe5 32. Rxe5 Rxe5 33. Bxe5 Ra8 34.
Rxa8 Nxa8 35. g4 Be4 36. Kg3 Nb6 37. Kf4 Bc2 38. d6 Kf7 39. Bg2 Ke6 40. Bc6 g5+
41. Kxg5 Kxe5 42. d7 Nxd7 43. Bxd7 Nd6 44. Bf5 0-1

[Event "III.International Chess Festiv"]
[Site "Eforie Nord"]
[Date "2011.06.24"]
[Round "5.8"]
[White "Barzanu, Iulian"]
[Black "Ogleznev, Alexandr"]
[Result "0-1"]
[WhiteElo "2229"]
[BlackElo "2335"]
[PlyCount "56"]
[EventDate "2011.06.20"]

1. d4 Nf6 2. Nf3 g6 3. Bg5 Bg7 4. e3 d6 5. h3 O-O 6. Be2 c5 7. Nbd2 b6 8. O-O
Bb7 9. c3 Nbd7 10. a4 a6 11. Re1 Re8 12. Bd3 d5 13. e4 dxe4 14. Nxe4 Nxe4 15.
Bxe4 Bxe4 16. Rxe4 cxd4 17. Nxd4 Nc5 18. Re1 h6 19. Be3 Qc7 20. Qc2 e5 21. Nb3
Ne6 22. a5 b5 23. Rad1 Nd4 24. Bxd4 exd4 25. Rxe8+ Rxe8 26. Rc1 dxc3 27. bxc3
Rc8 28. Qd3 Bxc3 0-1

[Event "III.International Chess Festiv"]
[Site "Eforie Nord"]
[Date "2011.06.24"]
[Round "5.9"]
[White "Maksimov, Oleg"]
[Black "Ionescu, Irina"]
[Result "1/2-1/2"]
[WhiteElo "2333"]
[BlackElo "2245"]
[PlyCount "71"]
[EventDate "2011.06.20"]

1. e4 d6 2. f4 g6 3. Nf3 Bg7 4. Nc3 e5 5. Bc4 Nc6 6. O-O Nh6 7. d3 f6 8. f5 Na5
9. Nh4 Nxc4 10. dxc4 g5 11. Qh5+ Nf7 12. Nf3 c6 13. Be3 Qe7 14. b4 Bd7 15. Rfd1
O-O 16. h4 Be8 17. hxg5 Nxg5 18. Qh4 Nxf3+ 19. gxf3 Qf7 20. Kf2 Qxc4 21. Rg1
Rf7 22. Ne2 Qxb4 23. Rg4 Rd8 24. Rh1 Qc4 25. Qxh7+ Kf8 26. Rhg1 Rdd7 27. a3
Rfe7 28. Bxa7 Qg8 29. Qh4 Qc4 30. Be3 Rf7 31. Rxg7 Rxg7 32. Bh6 Kg8 33. Rxg7+
Rxg7 34. Qxf6 Rg2+ 35. Kxg2 Qxe2+ 36. Kg3 1/2-1/2

[Event "III.International Chess Festiv"]
[Site "Eforie Nord"]
[Date "2011.06.24"]
[Round "5.10"]
[White "Cosma, Elena-Luminita"]
[Black "Telea, Stefan"]
[Result "1-0"]
[WhiteElo "2328"]
[BlackElo "2110"]
[PlyCount "67"]
[EventDate "2011.06.20"]

1. d4 Nf6 2. Nf3 b5 3. g3 Bb7 4. Bg2 e6 5. O-O Be7 6. Bg5 d6 7. Nbd2 Nbd7 8. c4
bxc4 9. Nxc4 O-O 10. Rc1 a5 11. Bd2 Bd5 12. Ne1 Bxg2 13. Nxg2 c5 14. dxc5 Nxc5
15. Be3 Rc8 16. Nf4 d5 17. Ne5 Nfd7 18. Nfd3 Nxd3 19. Nxd3 Rxc1 20. Qxc1 Nb6
21. Qc3 Nc4 22. Bd4 f6 23. b3 Nd6 24. Qc6 Qc8 25. Rc1 Qxc6 26. Rxc6 a4 27. bxa4
Ra8 28. Bc5 Nf5 29. g4 Nh4 30. Bxe7 Rxa4 31. Nb4 Kf7 32. Bc5 e5 33. Rc7+ Kg6
34. Ra7 1-0

[Event "III.International Chess Festiv"]
[Site "Eforie Nord"]
[Date "2011.06.25"]
[Round "6.1"]
[White "Tiviakov, Sergei"]
[Black "Manolache, Marius"]
[Result "0-1"]
[WhiteElo "2622"]
[BlackElo "2545"]
[PlyCount "84"]
[EventDate "2011.06.20"]

1. e4 c5 2. Nf3 e6 3. c3 Nf6 4. e5 Nd5 5. Bc4 d6 6. exd6 Bxd6 7. d4 Nc6 8. dxc5
Bxc5 9. O-O O-O 10. Nbd2 a6 11. Nb3 Bd6 12. Re1 h6 13. Bxd5 exd5 14. Be3 Bb8
15. Bc5 Re8 16. Rxe8+ Qxe8 17. Qxd5 Be6 18. Qe4 Bc7 19. Be3 f5 20. Qc2 Qh5 21.
Nbd4 Nxd4 22. cxd4 Rc8 23. Qd2 Bd5 24. Ne5 Bd6 25. f3 b5 26. Bf4 Be7 27. Nd3
Qg6 28. Qe2 Bf6 29. Be5 Qe8 30. b3 Be7 31. Re1 Bf8 32. h4 Qd8 33. Qf2 Qa5 34.
Kh2 Bf7 35. Nc5 Qd8 36. Qg3 Rc6 37. Nd3 Rc2 38. Nb4 f4 39. Bxf4 Bxb4 40. Bxh6
Qd6 41. Rc1 Qxh6 42. Rxc2 Bd6 0-1

[Event "III.International Chess Festiv"]
[Site "Eforie Nord"]
[Date "2011.06.25"]
[Round "6.2"]
[White "Gavrilov, Alexei"]
[Black "Fedorov, Alexei"]
[Result "1/2-1/2"]
[WhiteElo "2478"]
[BlackElo "2592"]
[PlyCount "61"]
[EventDate "2011.06.20"]

1. d4 Nf6 2. c4 g6 3. Nc3 Bg7 4. e4 d6 5. Nf3 O-O 6. Be2 c5 7. O-O Nc6 8. d5
Na5 9. Rb1 e5 10. a3 b6 11. b4 Nb7 12. Ne1 Nd7 13. Nd3 f5 14. f3 f4 15. Bd2 h5
16. Na4 g5 17. h3 Rf7 18. bxc5 bxc5 19. Nf2 Bf6 20. Rb2 Qf8 21. Qc2 Bd8 22.
Rfb1 Nf6 23. Qd3 Qh6 24. Kf1 Rg7 25. Bd1 Qg6 26. Bc3 Qe8 27. Be1 Rb8 28. Nc3
Bb6 29. Na4 Bd8 30. Nc3 Bb6 31. Na4 1/2-1/2

[Event "III.International Chess Festiv"]
[Site "Eforie Nord"]
[Date "2011.06.25"]
[Round "6.3"]
[White "Miron, Lucian-Costin"]
[Black "Malakhatko, Vadim"]
[Result "1/2-1/2"]
[WhiteElo "2506"]
[BlackElo "2546"]
[PlyCount "102"]
[EventDate "2011.06.20"]

1. d4 d5 2. c4 c6 3. Nf3 Nf6 4. e3 a6 5. Nc3 e6 6. b3 Bb4 7. Bd2 Nbd7 8. Bd3
O-O 9. O-O Bd6 10. Re1 Re8 11. Qc2 h6 12. Rad1 e5 13. cxd5 cxd5 14. e4 dxe4 15.
Nxe4 Nxe4 16. Rxe4 exd4 17. Rxd4 Bc5 18. Rd5 Qb6 19. Bf4 Bf8 20. Bh7+ Kh8 21.
Rxd7 Bxd7 22. Rxd7 Qe6 23. Qd3 g6 24. Bxg6 Qxg6 25. Be5+ Kg8 26. Qxg6+ fxg6 27.
Rxb7 Re7 28. Rb6 Rae8 29. Rxa6 Rxe5 30. Nxe5 Rxe5 31. f4 Re2 32. Kf1 Rb2 33.
Rxg6+ Kh7 34. Re6 Rxa2 35. Re2 Ra3 36. g3 Rxb3 37. Kg2 Kg7 38. Kh3 Kf7 39. Kg2
Be7 40. Kh3 Bf6 41. Kg4 Rb5 42. Rc2 h5+ 43. Kh3 Kg6 44. Rg2 Kf5 45. Re2 Ra5 46.
Rc2 Bd4 47. Re2 Ra7 48. Kh4 Bf6+ 49. Kh3 h4 50. Re8 Rh7 51. Kg2 hxg3 1/2-1/2

[Event "III.International Chess Festiv"]
[Site "Eforie Nord"]
[Date "2011.06.25"]
[Round "6.5"]
[White "Agafii, Victor"]
[Black "Peptan, Corina-Isabela"]
[Result "0-1"]
[WhiteElo "2253"]
[BlackElo "2421"]
[PlyCount "70"]
[EventDate "2011.06.20"]

1. d4 Nf6 2. c4 e6 3. Nc3 Bb4 4. Qc2 O-O 5. e4 d6 6. a3 Bxc3+ 7. bxc3 e5 8. Bd3
Nc6 9. Ne2 Nh5 10. O-O Qf6 11. d5 Ne7 12. f4 exf4 13. Nxf4 Nxf4 14. Rxf4 Qe5
15. Be3 Ng6 16. Rf2 b6 17. Raf1 a5 18. Bd4 Qe7 19. e5 dxe5 20. Bxg6 hxg6 21.
Qe4 Ba6 22. Qxe5 Qxe5 23. Bxe5 Bxc4 24. Bxc7 Bxf1 25. Rxf1 Rfc8 26. Bxb6 Ra6
27. Bd4 Rd6 28. Rb1 Rxd5 29. g4 Rcd8 30. h3 Ra8 31. Kf2 Rdd8 32. Rb5 Rdb8 33.
c4 Rd8 34. Ke3 Rd7 35. c5 Re8+ 0-1

[Event "III.International Chess Festiv"]
[Site "Eforie Nord"]
[Date "2011.06.25"]
[Round "6.6"]
[White "Cosma, Ioan"]
[Black "Cosma, Elena-Luminita"]
[Result "1/2-1/2"]
[WhiteElo "2410"]
[BlackElo "2328"]
[PlyCount "25"]
[EventDate "2011.06.20"]

1. e4 e6 2. d4 d5 3. exd5 exd5 4. Bd3 Bd6 5. Ne2 Ne7 6. c3 c6 7. Bf4 Bf5 8.
Bxd6 Qxd6 9. O-O Bxd3 10. Qxd3 O-O 11. Nd2 Nd7 12. Nf3 Rae8 13. Rfe1 1/2-1/2

[Event "III.International Chess Festiv"]
[Site "Eforie Nord"]
[Date "2011.06.25"]
[Round "6.7"]
[White "Petrosian, Suren"]
[Black "Anton, Roxana-Ana"]
[Result "1-0"]
[WhiteElo "2392"]
[BlackElo "1836"]
[PlyCount "47"]
[EventDate "2011.06.20"]

1. d4 Nf6 2. g3 e6 3. Bg2 d5 4. c4 c5 5. cxd5 Nxd5 6. Nf3 Nc6 7. O-O Be7 8. Nc3
Nf6 9. dxc5 Qxd1 10. Rxd1 Bxc5 11. Bf4 O-O 12. Rac1 a6 13. Na4 Ba7 14. Nc5 Nd5
15. Ne5 Nxf4 16. gxf4 Nxe5 17. fxe5 Bb8 18. Na4 Bxe5 19. Nb6 Rb8 20. Rc2 Kh8
21. Rdc1 g5 22. b3 Kg7 23. Nxc8 b5 24. Na7 1-0

[Event "III.International Chess Festiv"]
[Site "Eforie Nord"]
[Date "2011.06.25"]
[Round "6.8"]
[White "Ionescu, Irina"]
[Black "Zozulia, Anna"]
[Result "1/2-1/2"]
[WhiteElo "2245"]
[BlackElo "2371"]
[PlyCount "29"]
[EventDate "2011.06.20"]

1. e4 c5 2. Nf3 e6 3. c3 Nf6 4. e5 Nd5 5. d4 cxd4 6. cxd4 d6 7. Nc3 Nxc3 8.
bxc3 Qc7 9. Bd2 Nd7 10. Qa4 Be7 11. exd6 Bxd6 12. Bd3 O-O 13. O-O Bf4 14. Bxf4
Qxf4 15. Qc2 1/2-1/2

[Event "III.International Chess Festiv"]
[Site "Eforie Nord"]
[Date "2011.06.25"]
[Round "6.9"]
[White "Bizovi, Mihai"]
[Black "Maksimov, Oleg"]
[Result "1/2-1/2"]
[WhiteElo "1979"]
[BlackElo "2333"]
[PlyCount "69"]
[EventDate "2011.06.20"]

1. d4 Nf6 2. c4 d6 3. Nf3 g6 4. Nc3 Bg7 5. e4 O-O 6. Be2 Nbd7 7. O-O c5 8. d5
a6 9. a4 Ne8 10. Bg5 Nc7 11. Qd2 Re8 12. h3 Rb8 13. Kh1 Bf6 14. Rad1 Nf8 15. e5
Bxg5 16. Qxg5 f6 17. exf6 exf6 18. Qf4 g5 19. Qd2 Bf5 20. Bd3 Qd7 21. Bxf5 Qxf5
22. Qd3 Qxd3 23. Rxd3 b5 24. Nd2 Red8 25. axb5 axb5 26. Nce4 Ne8 27. f4 h6 28.
fxg5 fxg5 29. Nf6+ Nxf6 30. Rxf6 Kg7 31. Rdf3 Rd7 32. cxb5 Ng6 33. Nc4 Ne5 34.
Nxe5 dxe5 35. Rc6 1/2-1/2

[Event "III.International Chess Festiv"]
[Site "Eforie Nord"]
[Date "2011.06.25"]
[Round "6.10"]
[White "Ionescu, Mihai"]
[Black "Breahna, Radu"]
[Result "1-0"]
[WhiteElo "2340"]
[BlackElo "2272"]
[PlyCount "59"]
[EventDate "2011.06.20"]

1. Nf3 d5 2. d4 Nf6 3. c4 c6 4. e3 Bf5 5. Nc3 e6 6. Nh4 Bg4 7. Qb3 Qb6 8. h3
Bh5 9. g4 Bg6 10. Nxg6 hxg6 11. Bg2 Nbd7 12. Bd2 Be7 13. O-O-O O-O 14. Kb1 Rfd8
15. f4 Rac8 16. Bf3 dxc4 17. Qxc4 c5 18. d5 e5 19. h4 exf4 20. exf4 Ne8 21. h5
g5 22. fxg5 Nd6 23. Qf4 Re8 24. h6 Bf8 25. Na4 Qa6 26. Bc3 b5 27. Qh2 gxh6 28.
gxh6 f6 29. g5 Nc4 30. gxf6 1-0

[Event "III.International Chess Festiv"]
[Site "Eforie Nord"]
[Date "2011.06.26"]
[Round "7.1"]
[White "Manolache, Marius"]
[Black "Fedorov, Alexei"]
[Result "0-1"]
[WhiteElo "2545"]
[BlackElo "2592"]
[PlyCount "74"]
[EventDate "2011.06.20"]

1. d4 Nf6 2. c4 g6 3. Nc3 Bg7 4. e4 d6 5. f3 O-O 6. Be3 e5 7. d5 Nh5 8. Qd2 f5
9. Bg5 Qe8 10. O-O-O a6 11. Re1 Qf7 12. exf5 gxf5 13. Bd3 b5 14. Nge2 Nd7 15.
g4 b4 16. gxh5 bxc3 17. Nxc3 Qxh5 18. Rhg1 Kh8 19. Be3 Bf6 20. Bc2 Rf7 21. f4
Nf8 22. fxe5 dxe5 23. Bg5 Ng6 24. c5 Rb8 25. a3 Bxg5 26. Rxg5 Qh4 27. Reg1 Rf6
28. Bd1 Bd7 29. c6 Be8 30. Bc2 Ne7 31. Qe3 Qxh2 32. Ne2 Bf7 33. R1g2 Qh1+ 34.
Ng1 Ng6 35. Qa7 Re8 36. Qxc7 Bxd5 37. Qd7 Bxc6 0-1

[Event "III.International Chess Festiv"]
[Site "Eforie Nord"]
[Date "2011.06.26"]
[Round "7.3"]
[White "Peptan, Corina-Isabela"]
[Black "Miron, Lucian-Costin"]
[Result "1/2-1/2"]
[WhiteElo "2421"]
[BlackElo "2506"]
[PlyCount "42"]
[EventDate "2011.06.20"]

1. e4 e5 2. Nf3 Nc6 3. Bb5 a6 4. Ba4 Nf6 5. O-O Be7 6. Re1 b5 7. Bb3 d6 8. c3
O-O 9. h3 Nb8 10. d4 Nbd7 11. Nbd2 Bb7 12. Bc2 Re8 13. a4 Bf8 14. Bd3 c6 15. b4
Nb6 16. axb5 cxb5 17. d5 Rc8 18. Bb2 Nh5 19. Nb3 Nf4 20. Na5 Nxd3 21. Qxd3 Ba8
1/2-1/2

[Event "III.International Chess Festiv"]
[Site "Eforie Nord"]
[Date "2011.06.26"]
[Round "7.4"]
[White "Cosma, Elena-Luminita"]
[Black "Tiviakov, Sergei"]
[Result "0-1"]
[WhiteElo "2328"]
[BlackElo "2622"]
[PlyCount "63"]
[EventDate "2011.06.20"]

1. d4 Nf6 2. Nf3 b6 3. g3 Bb7 4. Bg2 g6 5. O-O Bg7 6. c4 O-O 7. Nc3 Ne4 8. Nxe4
Bxe4 9. Be3 d6 10. Qd2 Nd7 11. Bh6 e6 12. Rac1 a5 13. Rfd1 Qe7 14. Bxg7 Kxg7
15. Qc3 Kg8 16. Ne1 f5 17. Qe3 Bxg2 18. Nxg2 Rae8 19. Qd3 e5 20. dxe5 Nxe5 21.
Qd5+ Rf7 22. Rc3 Ng4 23. Rc2 g5 24. h4 gxh4 25. Nxh4 f4 26. Rd4 Ne3 27. fxe3
Qxe3+ 28. Kf1 Re5 29. Qxf7+ Kxf7 30. Rxf4+ Ke8 31. Nf3 Re7 32. Ke1 0-1

[Event "III.International Chess Festiv"]
[Site "Eforie Nord"]
[Date "2011.06.26"]
[Round "7.5"]
[White "Badea, Bela"]
[Black "Petrosian, Suren"]
[Result "1-0"]
[WhiteElo "2491"]
[BlackElo "2392"]
[PlyCount "113"]
[EventDate "2011.06.20"]

1. Nf3 c5 2. c4 g6 3. d4 Bg7 4. e3 Nf6 5. Nc3 cxd4 6. Nxd4 Nc6 7. Nc2 O-O 8.
Be2 d6 9. O-O Be6 10. e4 Rc8 11. Bd2 a6 12. Rc1 Ne5 13. b3 b5 14. cxb5 axb5 15.
Bxb5 Qb6 16. Qe2 Rxc3 17. Bxc3 Bg4 18. Qe3 Qxb5 19. Nb4 Be6 20. h3 Rc8 21. Bd2
Ra8 22. f4 Ned7 23. f5 gxf5 24. exf5 Bxf5 25. a4 Qe5 26. Qxe5 Nxe5 27. Rxf5 Ne4
28. Be1 e6 29. Rf1 d5 30. g4 Bh6 31. Rd1 Be3+ 32. Kg2 Nc5 33. Bg3 Ned7 34. Rf3
Bh6 35. Nc6 Ne4 36. Be1 Ra6 37. Ne7+ Kf8 38. Nxd5 exd5 39. Rxd5 Ke7 40. a5 Ke6
41. Rd4 Ndf6 42. b4 Rc6 43. b5 Rc2+ 44. Kf1 Ke5 45. Rd1 Bd2 46. a6 Ra2 47. Rf5+
Ke6 48. Bxd2 Nxd2+ 49. Rxd2 Rxd2 50. a7 Ra2 51. Rxf6+ Kxf6 52. b6 h6 53. b7
Rxa7 54. b8=Q Ra6 55. Qg8 Ke7 56. Kf2 Rg6 57. Qh8 1-0

[Event "III.International Chess Festiv"]
[Site "Eforie Nord"]
[Date "2011.06.26"]
[Round "7.6"]
[White "Zozulia, Anna"]
[Black "Ogleznev, Alexandr"]
[Result "1/2-1/2"]
[WhiteElo "2371"]
[BlackElo "2335"]
[PlyCount "32"]
[EventDate "2011.06.20"]

1. e4 c5 2. Nf3 e6 3. d4 cxd4 4. Nxd4 a6 5. Bd3 Nf6 6. O-O Qc7 7. Nc3 Nc6 8.
Be3 Bd6 9. Kh1 Bf4 10. Bxf4 Qxf4 11. Nf3 O-O 12. a4 Qc7 13. Qd2 b6 14. Rad1 Bb7
15. Qg5 d6 16. Rfe1 Rfd8 1/2-1/2

[Event "III.International Chess Festiv"]
[Site "Eforie Nord"]
[Date "2011.06.26"]
[Round "7.7"]
[White "Stegariu, Vlad-Ionut"]
[Black "Cosma, Ioan"]
[Result "0-1"]
[WhiteElo "2220"]
[BlackElo "2410"]
[PlyCount "122"]
[EventDate "2011.06.20"]

1. d4 Nf6 2. c4 e6 3. Nf3 d5 4. Nc3 c5 5. cxd5 Nxd5 6. e4 Nxc3 7. bxc3 cxd4 8.
cxd4 Bb4+ 9. Bd2 Bxd2+ 10. Qxd2 O-O 11. Bc4 Nd7 12. O-O b6 13. Rfd1 Bb7 14. Qf4
Rc8 15. Bb3 Qc7 16. Qh4 Nf6 17. Ng5 h6 18. Nxe6 fxe6 19. Bxe6+ Kh8 20. Bxc8
Rxc8 21. d5 Qe5 22. Re1 Rc4 23. Rad1 Bxd5 24. Rxd5 Qxd5 25. Qxf6 Rxe4 26. Qf8+
Kh7 27. Rc1 Rc4 28. Re1 Qe4 29. Kf1 Qd3+ 30. Kg1 Qe4 31. Kf1 Qd5 32. h3 Rc6 33.
Qe7 Rg6 34. Qe4 Qxa2 35. h4 Qa5 36. Rc1 Qh5 37. f3 Qb5+ 38. Kg1 h5 39. Kh1 Qb2
40. Rc2 Qa1+ 41. Kh2 Qf6 42. Rd2 Qe6 43. Qb1 Qe5+ 44. Kg1 Qe3+ 45. Rf2 Kh6 46.
Qc2 Rf6 47. Kh2 Qe5+ 48. g3 Qf5 49. Qa2 Rf7 50. Qb3 Kh7 51. Kg2 b5 52. Rd2 Rd7
53. Rxd7 Qxd7 54. Qb4 Qd3 55. g4 hxg4 56. fxg4 Qc4 57. Qb1+ Kg8 58. Qg6 Qd5+
59. Kg1 b4 60. h5 b3 61. h6 Qd1+ 0-1